Islam and the Middle East : (Record no. 32896)
[ view plain ]
| 000 -LEADER | |
|---|---|
| fixed length control field | 01062nam a2200313 a 4500 |
| 001 - CONTROL NUMBER | |
| control field | 32896 |
| 003 - CONTROL NUMBER IDENTIFIER | |
| rucl marc code | BD-RjUL |
| 005 - DATE AND TIME OF LATEST TRANSACTION | |
| control field | 20211209051919.0 |
| 008 - FIXED-LENGTH DATA ELEMENTS--GENERAL INFORMATION | |
| fixed length control field | 140429s1990 vau b 001 0 eng |
| 020 ## - INTERNATIONAL STANDARD BOOK NUMBER | |
| International Standard Book Number | 0912463740 |
| 035 ## - SYSTEM CONTROL NUMBER | |
| System control number | (BD-RjUL)32986 |
| 040 ## - CATALOGING SOURCE | |
| Original cataloging agency | DLC |
| Transcribing agency | DLC |
| Modifying agency | DLC |
| -- | BD-RjUL |
| Language of cataloging | eng |
| 041 ## - LANGUAGE CODE | |
| Language code of text/sound track or separate title | eng |
| 082 00 - DEWEY DECIMAL CLASSIFICATION NUMBER | |
| Classification number | 297.1977 |
| Edition number | 20 |
| Author mark and year | ABI 1990 |
| 100 2# - MAIN ENTRY--PERSONAL NAME | |
| Personal name | Abul Fadl, Mona. |
| 9 (RLIN) | 100004 |
| 245 10 - TITLE STATEMENT | |
| Title | Islam and the Middle East : |
| Remainder of title | the aesthetics of a political inquiry / |
| Statement of responsibility, etc. | Mona Abul-Fadl. |
| 250 ## - EDITION STATEMENT | |
| Edition statement | 1st ed. |
| 260 ## - PUBLICATION, DISTRIBUTION, ETC. (IMPRINT) | |
| Place of publication, distribution, etc. | Herndon, Va., U.S.A. : |
| Name of publisher, distributor, etc. | International Institute of Islamic Thought, |
| Date of publication, distribution, etc. | 1990. |
| 300 ## - PHYSICAL DESCRIPTION | |
| Pagination | x, 61 p. ; |
| Size | 23 cm. |
| 490 1# - SERIES STATEMENT | |
| Series statement | Research monographs ; |
| Volume/sequential designation | 2 |
| 504 ## - BIBLIOGRAPHY, ETC. NOTE | |
| Bibliography, etc | includes bibliographical references and index. |
| 650 #0 - SUBJECT ADDED ENTRY--TOPICAL TERM | |
| Topical term or geographic name as entry element | Islam and politics |
| Geographic subdivision | Middle East. |
| 9 (RLIN) | 100005 |
| 651 #0 - SUBJECT ADDED ENTRY--GEOGRAPHIC NAME | |
| Geographic name | Middle East |
| General subdivision | Politics and government |
| Chronological subdivision | 1945- |
| 9 (RLIN) | 70973 |
| 830 #0 - SERIES ADDED ENTRY--UNIFORM TITLE | |
| Volume number/sequential designation | no. 2. |
| Uniform title | Research monographs (International Institute of Islamic Thought) ; |
| 942 ## - ADDED ENTRY ELEMENTS (KOHA) | |
| Source of classification or shelving scheme | Dewey Decimal Classification |
| Koha item type | Books |
| Lost status | Source of classification or shelving scheme | Damaged status | Not for loan | Collection code | Permanent Location | Current Location | Shelving location | Date acquired | Source of acquisition | Total Checkouts | Full call number | Date last seen | Copy number | Koha item type |
|---|---|---|---|---|---|---|---|---|---|---|---|---|---|---|
| Dewey Decimal Classification | Non-fiction | Central Library, University of Rajshahi | Central Library, University of Rajshahi | 15/12/2011 | R.U.C.L. | 297.1977 ABI 1990 | 29/04/2014 | C-2 | Books | |||||
| Dewey Decimal Classification | Not For Loan | Non-fiction | Central Library, University of Rajshahi | Central Library, University of Rajshahi | Reading Room | 29/09/1996 | 297.1977 ABI 1990 | 04/12/2016 | C-1 | Books |